| 000 | 00533nam a22001697a 4500 | ||
|---|---|---|---|
| 008 | 230602b |||||||| |||| 00| 0 eng d | ||
| 040 |
_aNational Science Library _cNational Science Library |
||
| 080 |
_aR 31(035) _bN0 |
||
| 245 |
_aHandbook of statistics 1990 _c/ Confederation of Engineering Industry |
||
| 250 | _a23rd ed. | ||
| 260 |
_aNew Delhi: _bConfederation of Engineering Industry, _c1990 |
||
| 300 | _alx, 365p. | ||
| 365 |
_b150.00 _cINR |
||
| 650 | _aStatistics | ||
| 653 | _aSteel industry | ||
| 942 |
_2udc _cHDK |
||
| 999 |
_c38745 _d38745 |
||